000 00667nam a2200241Ia 4500
005 20260430150310.0
008 008 250103s9999 xx 000 0 eng d
037 _aTheses
040 _aCRL
040 _beng
040 _ceng
041 _2eng
041 _aeng
084 _qCRL
100 _aSrivastava Ravi Kumar Au.; Arvind Gu.
_91237079
245 0 _aGenerated Fuzzy Ideals and Applications of Metatheorem in Semigroups and Semirings
260 _c2023
300 _a143
650 _aMathematics
700 _aUniversity of Delhi. Faculty of Mathematical Sciences. Deptt. of Mathematics
_91237071
942 _cTH
999 _c1849447
_d1849447